000 00617nam a2200241Ia 4500
003 OSt
005 20221007071113.0
006 a|||||r|||| 00| 0
007 ta
008 221006b |||||||| |||| 00| 0 eng d
020 _a9028603220
024 _a15,457
037 _cTextual
040 _aFLL
_cFLL
_beng
041 _2eng
_aeng
082 _aX5:Z1, L3
100 _aLangen Eugen
_9688135
245 0 _aTransnational commercial law
260 _aLeiden
_bA.W. Sijthoff Leiden
_c1973
300 _a280p
_ccm.
942 _hX5:Z1, L3
_cTEXL
_2CC
999 _c1142463
_d1142463